Telephony and telegraphy : (Record no. 183726)
[ view plain ]
| 000 -LEADER | |
|---|---|
| fixed length control field | 00962 a2200217 4500 |
| 003 - CONTROL NUMBER IDENTIFIER | |
| control field | Nust |
| 005 - DATE AND TIME OF LATEST TRANSACTION | |
| control field | 20221226100032.0 |
| 010 ## - LIBRARY OF CONGRESS CONTROL NUMBER | |
| LC control number | 78318256 |
| 020 ## - INTERNATIONAL STANDARD BOOK NUMBER | |
| International Standard Book Number | 0198593589 : |
| -- | 0198593570 |
| 040 ## - CATALOGING SOURCE | |
| Transcribing agency | Nust |
| 082 00 - DEWEY DECIMAL CLASSIFICATION NUMBER | |
| Classification number | 621.385,SMI |
| 100 1# - MAIN ENTRY--PERSONAL NAME | |
| Personal name | Smith, Sydney F. |
| 9 (RLIN) | 105857 |
| 245 10 - TITLE STATEMENT | |
| Title | Telephony and telegraphy : |
| Remainder of title | an introduction to instruments and switching systems (electromechanical and reed-electronic) / |
| Statement of responsibility, etc. | Sydney F. Smith. |
| 250 ## - EDITION STATEMENT | |
| Edition statement | 3rd ed. |
| 260 ## - PUBLICATION, DISTRIBUTION, ETC. | |
| Place of publication, distribution, etc. | Oxford ; |
| -- | New York : |
| Name of publisher, distributor, etc. | Oxford University Press, |
| Date of publication, distribution, etc. | 1978. |
| 300 ## - PHYSICAL DESCRIPTION | |
| Extent | xiv, 278 p. : |
| Other physical details | ill. ; |
| Dimensions | 26 cm. |
| 505 ## - FORMATTED CONTENTS NOTE | |
| Formatted contents note | Telephone and Teleprinters (Page-1), Relays (Page-29), Signaling (Page-58), Switching Systems (Page-80), Strower Systems-Selector Mechanism (Page-115), Strower System-Selector Circuits (Page-140), Traffic and Trunking (Page-173), Distribution Farms (Page-205), Exchange Power Plant (Page-221). |
| 650 #0 - SUBJECT ADDED ENTRY--TOPICAL TERM | |
| Topical term or geographic name entry element | Telegraph. |
| 9 (RLIN) | 50197 |
| 650 #0 - SUBJECT ADDED ENTRY--TOPICAL TERM | |
| Topical term or geographic name entry element | Telephone. |
| 9 (RLIN) | 105735 |
| 942 ## - ADDED ENTRY ELEMENTS (KOHA) | |
| Source of classification or shelving scheme | |
| Koha item type | Book |
| Withdrawn status | Lost status | Source of classification or shelving scheme | Damaged status | Not for loan | Permanent Location | Current Location | Shelving location | Date acquired | Full call number | Barcode | Date last seen | Price effective from | Koha item type | Public note |
|---|---|---|---|---|---|---|---|---|---|---|---|---|---|---|
| Military College of Signals (MCS) | Military College of Signals (MCS) | General Stacks | 12/12/2016 | 621.385,SMI | MCS6894 | 12/08/2016 | 12/12/2016 | Book | Almirah No.39, Shelf No.4 |
